| 000 | 00730cam a2200253 4500 | ||
|---|---|---|---|
| 008 | 090401t1993 xxu||||| |||| 00| 0 eng d | ||
| 020 | _a1870905431 | ||
| 035 | _a(Sirsi) u27541 | ||
| 041 | _aeng | ||
| 050 | _a362.14 | ||
| 100 | _aFry, John | ||
| 245 | _aGeneral practice : the facts. | ||
| 260 |
_aOxford _bRadcliffe Medical Press _c1993 |
||
| 300 | _avi,102p. ; 24cm. | ||
| 350 | _a10.5 | ||
| 520 | _aA guide for medical practitioners and other health profesionals in the NHS. | ||
| 650 | _aDOCTORS | ||
| 650 | _aGENERAL PRACTICE | ||
| 650 | _aMEDICAL PRACTITIONERS | ||
| 650 | _aNATIONAL HEALTH SERVICE | ||
| 690 | _aMANAGEMENT-BUSINESS MANAGEMENT-PROFESSIONAL PRACTICE | ||
| 942 | _n0 | ||
| 948 | _c04/03/1997 | ||
| 999 |
_c89124 _d89124 |
||